| 000 | 00602nam a22001817a 4500 | ||
|---|---|---|---|
| 999 |
_c177789 _d177789 |
||
| 005 | 20210303172516.0 | ||
| 010 | _aENG-129131 | ||
| 020 |
_c595.00 _a9789-38622-1339 |
||
| 035 | _aEN-112663 | ||
| 037 | _bDBAD/PUB | ||
| 082 | _a530.11 | ||
| 100 | _aEinstein, Albert | ||
| 245 |
_aRelativity: The Special And The General Theory/ _cAlbert Einstein |
||
| 260 |
_aNew Delhi _c2018 _bManakin Press |
||
| 270 |
_bNew Delhi _aB-300, Okhla Industrial Area, Phase-I _e110020 _k91-11-45328300 _mpublisher@manakinpress.com |
||
| 300 |
_avii+170p. _c23cm(hbk) |
||
| 942 |
_2ddc _cEN _h530.11 _mEIN |
||